00436nam a2200181 a 4500001001300000003000900013005001700022008004100039020001000080082001400090100002100104245002000125260003400145300000900179500003500188650001000223700002100233nice12345678IN_TiNIC20260116011310.0050524s1928 luca grp 000 0 urd  ac10000a245bSAD1 aSada, Isa Charan aNaghmaha-E-Sada aLucknowbBuisness Pressc1928 a192p aincludes index and biblioraphy aHymns1 aSada, Isa Charan